| 000 | 00445cam a2200181ua 4500 | ||
|---|---|---|---|
| 041 |
_aeng _h |
||
| 082 |
_a425 _bNOR/GO |
||
| 100 | _aNorris, B . | ||
| 245 |
_aGood English / _cB.Norris. _hTextual Documents |
||
| 250 |
_a58 / _b. |
||
| 260 |
_aMumbai : _bD B Taraporevala sons & Co. Pvt. Ltd. , _c1963. |
||
| 300 | _a153 ; . | ||
| 504 | _a | ||
| 700 | 1 | _aMehta, Rustam J . | |
| 942 | _cBK | ||
| 999 |
_c12448 _d12448 |
||